Quizzes
Events
Quiz Creation
Community
Videos
Private Events
Remove Ads
Sign In
Join for FREE
Feedback
Dark Mode
Quiz Categories
Sports
Geography
Music
Movies
Television
Just For Fun
Miscellaneous
History
Literature
Language
Science
Gaming
Entertainment
Religion
Holiday
For Kids
Quiz Lab
Recent
Popular Today
Quiz Kudos Today
Editor Picks
Curator Picks
Quizzes by...
Day
Popularity
Type
Ratings
Length
Year
Community
Subscriptions
Recent Discussions
Orange Saloon
Badges
Playlists
Quests
Create
Leaderboards
Showdown
Live 5
Trivia Bingo
Activity
Puzzle Library
Sporcle Events
Private Events
Virtual Trivia
Globe League
Become a Host
Pub Owners
SporcleCon
Opinionation
Our Games
Videos
Blog
Mobile Apps
Partnerships
Remove Ads and Go Orange
Feedback
Music
Pop Music
The Beatles
Song
Album
Lyrics
Bands
Singers
Artist
Clip
Rock
Rap
Classical
Billboard
Country Music
Kpop
Taylor Swift
Music
Pop Music
The Beatles
Song
Album
Lyrics
Bands
Singers
Artist
Clip
Rock
Rap
Classical
Billboard
Country Music
Kpop
Taylor Swift
Random Quiz
Search Sporcle
×
Curator Pick
Curator Pick
Music
Rock
Type in answers that appear in a list
Type in answers that appear in a list
Classic
Best Score? Go Orange.
'Rock' Music (Clips) Stats
Can you name the songs with the word 'rock' in the title based on these five-second clips?
By
Mrt123
10m
29 Questions
2,917 Plays
2,917 Plays
2,917 Plays
Comments
Comments
Give Quiz Kudos
Give Quiz Kudos
-
- Ratings
hide this ad
Replay
Link that replays current quiz
Next Quiz
Link to next quiz in quiz playlist
You Got
0%
They Got
Avg Score
48%
Avg Friend Score
Upgrade to see
Score Distribution
Jump to the score distribution portion of the page
Score
0/29
Timer
10:00
0
Plays Today
Time
Title
% Correct
0:05
We Will Rock You
97.7%
2:00
I Love Rock N' Roll
86%
1:10
Jailhouse Rock
74.5%
0:10
Rock You Like a Hurricane
73.7%
0:15
Party Rock Anthem
70.7%
0:00
Rock Me Amadeus
69.2%
1:20
Rock Around the Clock
65%
1:50
Old Time Rock N' Roll
64.7%
0:35
Rock N' Roll All Nite
62.8%
1:55
Rockstar
62.8%
2:05
Rock the Casbah
59.3%
1:35
Rock Lobster
59%
1:15
Crocodile Rock
58.6%
0:50
I Wanna Rock
56.6%
0:30
Detroit Rock City
48.4%
Time
Title
% Correct
0:40
Rock With You
41.8%
0:45
Rock the Boat
38.3%
1:40
Rock This Town
33.3%
2:20
It's Only Rock N' Roll
32.8%
0:25
For Those About to Rock (We Salute You)
32%
1:05
Rock N' Roll Fantasy
29.6%
1:00
Heart of Rock N' Roll
28.9%
1:45
Rock N' Roll Music
28.8%
2:10
Cherub Rock
28.1%
0:55
Rock N' Roll High School
27.9%
2:25
Rock of Ages
27.9%
2:15
Rock N' Roll Hoochie Koo
20.9%
0:20
Bodyrock
12.1%
1:25
Rock-a-Beatin' Boogie
1.4%
Quiz Playlist
Details
Report
Send in Message
Add To Playlist
Classic:
Type in answers that appear in a list
Last Updated: Feb 16, 2017
Curator Pick in
Clip
Quiz Scoreboard
CHALLENGE
Sign Up to Join the Scoreboard
Show All
Scores
Hide
Comments
May contain spoilers
Recently Published
Click the 1999 NBA Draft
by nibperrychub
Sports
2m
Alphabetical 'K' Countries by Flag Minefield
by ylime102
Geography
3m
Pick 6: Fruits
by JohnFran
Miscellaneous
15s
More to Explore
Quiz From the Vault
Featured Blog Post
15 Basketball Trivia Facts You Can Be March Mad About
hide this ad
You Might Also Like...
Tags
Clip Quiz
Rock Quiz
Audio Quiz
Music Clip
Rock n Roll
Today's Top Quizzes in Music
Browse Music
hide this ad
Today's Top Quizzes in Rock
Browse Rock
Top Contributed Quizzes in Music
1
Taylor Swift All Songs (2024)
2
A Taylor Swift Logic Puzzle
3
KPOP LOGIC QUIZ
4
Taylor Swift Logic Puzzle
5
NCT 2020 Logic Puzzle
6
Guess the Taylor Swift song (Mystery Song)
7
Joni Mitchell—'Car on a Hill' Lyrics
8
Guess The Taylor Swift Lyrics Song #1
9
Lana Del Rey songs - match the song with the album
10
kpop group name match up
Explore More
Trending Topics
Harry Potter
Crossword
Anime
NBA
Disney
Kpop
Marvel
Puzzle
Song
The Office
Soccer
NFL
WWE
Pokémon
Country
hide this ad
More By:
Mrt123
Quiz
Plays
Rating
Category
Featured
Created
Late 90s/Early 00s Pop Charts (Music Clips)
8,874
4.63
Music
Mar 25, 2013
Top 100 Baby Boy Names 1991
4,910
4.64
Miscellaneous
May 27, 2011
Top 100 6-Letter Boy Names (2011)
4,902
4.83
Miscellaneous
Nov 24, 2012
'-o' Baby Boy Names (2010)
3,671
4.48
Miscellaneous
Jun 29, 2011
'Rock' Music (Clips)
2,917
4.38
Music
Jul 18, 2013
Go to Creator's Profile
Score Distribution
Quiz Creator Spotlight
Mrt123
Follow
Send a Message
Quizzes Created
-
Created Quiz Play Count
-
More By This Creator
Popular Quizzes Today
1
Find the US States - No Outlines Minefield
2
Countries of Asia Without Outlines Minefield
3
Pick 6: Fruits
4
The Countries of the World
5
Alphabetical 'K' Countries by Flag Minefield
6
Click the 1999 NBA Draft
7
Find the US States
8
Match the Book to the Film X
More Music Quizzes
Figure Out the Taylor Swift Lyrics XIV
Quiz Lab
Trending Quizzes
Pick 6: Harry Potter
Pick 6: Mountains
Pick 6: NFL Teams
Pick 6: Movie Franchises
Pick 6: Golfers
Recently Updated
Women's Final Four Teams by Year
bhenderson79
Presidents Quartet II
eogle
Anything But Clue(do)
eogle
Anything But Oceanian Capitals
eogle
Anything But 7
eogle
Anything But Thing
eogle
Word Ladder: February 29
pecheneg
Song Title Questions
pecheneg
Women's NCAA Tournament #1 Seeds
pecheneg
Celebrity Mug Shots
pecheneg
Trending Topics
Crossword
Anime
Harry Potter
Marvel
Disney
NBA
Kpop
Country
NFL
Puzzle
Song
Pokémon
The Office
WWE
Soccer
Your Account Isn't Verified!
In order to create a playlist on Sporcle, you need to verify the email address you used during registration. Go to your
Sporcle Settings
to finish the process.
Report this User
Report this user for behavior that violates our
Community Guidelines
.
Details:
Send Report
Go to the Sporcle.com Mobile Site →
Comments